Proceedings of the Meeting of the French Colonial Historical Society

محفوظ في:

التنسيق: دورية

اللغة: Undetermined

منشور في: JSTOR
Michigan State University Press

الوصول للمادة أونلاين: Login to view Source

الوسوم: إضافة وسم

لا توجد وسوم, كن أول من يضع وسما على هذه التسجيلة!

رقم الطلب:

LEADER 00502nas a2200145Ia 4500
008 220214c99999999xx |||||||||||| ||und||
022 |a 0362-7055 
245 0 0 |a Proceedings of the Meeting of the French Colonial Historical Society 
264 1 |b JSTOR 
264 1 |b Michigan State University Press 
362 0 |a Vol. 1(1976)-22 (1998) 
856 4 0 |u https://www.jstor.org/journal/procmeetfchs 
942 |c JL 
952 |0 0  |1 0  |4 0  |7 1  |9 36762  |a JSR  |b JSR  |d 2022-02-14  |l 0  |r 2022-02-14 00:00:00  |w 2022-02-14  |y JL 
999 |c 45094  |d 45094